Statistiques concernant Équipe de France de rugby - Coupe du monde 2007

Cliquez ici pour prendre le quiz!

Statistiques générales

  • Ce quiz a été pris 123 fois
  • Le résultat moyen est 18 sur 30

Statistiques - réponses

Poste Joueur Club % Correct
OuvreurFrédéric MichalakStade Toulousain
85%
Deuxième LigneSébastien ChabalSale Sharks
84%
AilierVincent ClercStade Toulousain
80%
TalonneurRaphaël IbañezLondon Wasps
75%
AilierChristophe DominiciStade Français
73%
Troisième Ligne CentreImanol HarinordoquyBiarritz Olympique
72%
CentreYannick JauzionStade Toulousain
69%
AilierAurélien RougerieASM Clermont
68%
Deuxième LigneFabien PelousStade Toulousain
67%
Demi de mêléeJean-Baptiste ÉlissaldeStade Toulousain
66%
PilierNicolas MasUSA Perpignan
65%
Troisième Ligne AileSerge BetsenBiarritz Olympique
65%
Troisième Ligne AileThierry DusautoirStade Toulousain
65%
CentreDamien TrailleBiarritz Olympique
62%
ArrièreClément PoitrenaudStade Toulousain
60%
AilierCédric HeymansStade Toulousain
60%
CentreDavid MartyUSA Perpignan
57%
Demi de mêléePierre MignoniASM Clermont
57%
Deuxième LigneLionel NalletCastres Olympique
54%
PilierPieter de VilliersStade Français
53%
Deuxième LigneJérôme ThionBiarritz Olympique
53%
OuvreurDavid SkrelaStade Français
51%
PilierJean-Baptiste PouxStade Toulousain
49%
Troisième Ligne CentreJulien BonnaireASM Clermont
49%
OuvreurLionel BeauxisStade Français
48%
TalonneurDimitri SzarzewskiStade Français
48%
Troisième Ligne AileYannick NyangaStade Toulousain
45%
TalonneurSébastien BrunoSale Sharks
36%
Troisième Ligne AileRémi MartinStade Français
35%
PilierOlivier MilloudBourgoin
34%

Distribution des résultats

Percentile by Number Answered

% des personnes avec chaque résultat

Votre développement - résultats

Vous n’avez pas pris ce quiz